| 000 | 00418nam a2200145Ia 4500 | ||
|---|---|---|---|
| 008 | 230917s9999||||xx |||||||||||||| ||und|| | ||
| 040 |
_e38608 _aMAIN |
||
| 041 | _aEnglish | ||
| 082 | _a954.03 H617W | ||
| 100 | _aHarischmann, Edwin | ||
| 245 | 0 | _a'White muting': The Ilbert Bill crisis in India and genesis of the Indian National Congress | |
| 260 |
_aNew Delhi _bHeritage _c1980 |
||
| 300 | _a331 p. | ||
| 942 | _cBK | ||
| 999 |
_c211694 _d211694 |
||